02489cam a22004095i 4500999001700000001000900017003000900026005001700035008004100052020003000093020002700123035002400150040007200174043001200246082002300258100003400281245009000315246003100405264005300436264001000489300003000499336002600529337002800555338002700583504005100610505021100661520072500872650003501597650003301632650008301665650008301748653002701831655001701858700002801875942001201903952016401915 c27901d2787220619445EG-ScBUE20191127123744.0180807t20182018stk f b 001 0 eng d a9781474415606 (paperback) a1474415601 (paperback) a(OCoLC)on1012731027 aYDXbengerdacYDXdBDXdNLEdOCLCOdCDXdOCLCFdL2UdDLCdEG-ScBUE ae-uk---04a820.99287bRIL2221 aRiley, Catherine E.,eauthor.10aFeminism and women's writing :ban introduction /cCatherine Riley with Lynne Pearce.14aFeminism & women's writing 1aEdinburgh :bEdinburgh University Press,c[2018] 4cc2018 axviii, 204 pages ;c24 cm atextbtxt2rdacontent aunmediatedbn2rdamedia avolumebnc2rdacarrier aIncludes bibliographical references and index.8 aIntroduction -- Part I. Debates : Gendering the canon -- Gender -- Body/image -- Not straight sex -- Ethnicity -- Part II. Genres : Romance -- Crime -- Science fiction -- Life-writing -- Historical fiction. aThis book clearly and succinctly introduces the ways in which feminist ideas have transformed the form and content of women's fiction and non-fiction writing. The Introduction sets out the critical background and the main feminist critical approaches to literature. Part I, Debates, contains chapters which outline feminist engagements with the canon, gender, the body, sexual difference and ethnicity to demonstrate the ways in which feminist ideas have affected the content of women's literature. In Part II, Genres, five chapters examine types of fiction writing, romance, crime, science fiction, life-writing and historical fiction, to show the effect of feminist ideas on the form of women's literature--back cover. 7aFeminism in literature.2BUEsh 7aWomen and literature.2BUEsh 7aEnglish literaturexWomen authorsy20th centuryxHistory and criticism.2BUEsh 7aEnglish literaturexWomen authorsy21st centuryxHistory and criticism.2BUEsh bHHUUEENNcNovember2019 vReading book1 aPearce, Lynne,eauthor. 2ddccBB 00102ddc40708BaccahaMAINbMAINc2NDd2019-11-27ePurchaseg495.00l1m4o820.99287 RILp000048445r2025-07-15 00:00:00s2021-02-02v618.75w2019-11-27yBB